[Event "11th LCC Super Blitz 2019"]
[Site "London"]
[Date "2019.12.08"]
[Round "3.1"]
[White "Howell, David Wl"]
[Black "Beinoras, Mindaugas"]
[Result "1-0"]
[WhiteElo "2650"]
[BlackElo "2401"]
[Annotator "ChessBase"]
[PlyCount "85"]
[EventDate "2019.12.08"]
[EventType "swiss"]
[EventCountry "ENG"]
[SourceTitle "playchess.com"]
[Source "ChessBase"]
[SourceQuality "1"]
[TimeControl "180+2"]

1. c4 {[%emt 0:00:02]} e5 {[%emt 0:00:01]} 2. Nc3 {[%emt 0:00:02]} Nf6 {[%emt 0:00:01]} 3. Nf3 {[%emt 0:00:01]} Nc6 {[%emt 0:00:02]} 4. e3 {[%emt 0:00:02]} Bb4 {[%emt 0:00:03]} 5. Qc2 {[%emt 0:00:02]} O-O {[%emt 0:00:04]} 6. Nd5 {[%emt 0:00:01]} a5 {[%emt 0:00:03]} 7. a3 {[%emt 0:00:09]} Bc5 {[%emt 0:00:13]} 8. Ng5 {[%emt 0:00:10]} g6 {[%emt 0:00:07]} 9. h4 {[%emt 0:00:01]} Be7 {[%emt 0:00:12]} 10. b3 {[%emt 0:00:32]} d6 {[%emt 0:00:02]} 11. Nxe7+ {[%emt 0:00:08]} Qxe7 {[%emt 0:00:05]} 12. Bb2 {[%emt 0:00:01]} Bf5 {[%emt 0:00:07]} 13. d3 {[%emt 0:00:04]} h6 {[%emt 0:00:14]} 14. Nf3 {[%emt 0:00:20]} Bg4 {[%emt 0:00:12]} 15. Nd2 {[%emt 0:00:04]} d5 {[%emt 0:00:10]} 16. cxd5 {[%emt 0:00:11]} Nxd5 {[%emt 0:00:02]} 17. Ne4 {[%emt 0:00:01]} Rad8 {[%emt 0:00:08]} 18. Qc5 {[%emt 0:00:09]} Qe6 {[%emt 0:00:11]} 19. Rc1 {[%emt 0:00:02]} f5 {[%emt 0:00:06]} 20. Nd2 {[%emt 0:00:11]} Nb6 {[%emt 0:00:09]} 21. Qc3 {[%emt 0:00:13]} Kh7 {[%emt 0:00:07]} 22. f3 {[%emt 0:00:16]} Bh5 {[%emt 0:00:03]} 23. Nc4 {[%emt 0:00:10]} Nd5 {[%emt 0:00:12]} 24. Qd2 {[%emt 0:00:01]} e4 {[%emt 0:00:02]} 25. Kf2 {[%emt 0:00:11]} f4 {[%emt 0:00:17]} 26. dxe4 {[%emt 0:00:02]} Qxe4 {[%emt 0:00:20]} 27. fxe4 {[%emt 0:00:14]} fxe3+ {[%emt 0:00:01]} 28. Kg1 {[%emt 0:00:00]} exd2 {[%emt 0:00:02]} 29. Nxd2 {[%emt 0:00:01]} Nf4 {[%emt 0:00:08]} 30. Bc3 {[%emt 0:00:11]} Nd3 {[%emt 0:00:10]} 31. Bxd3 {[%emt 0:00:10]} Rxd3 {[%emt 0:00:01]} 32. Rh3 {[%emt 0:00:01]} Rxh3 {[%emt 0:00:11]} 33. gxh3 {[%emt 0:00:01]} Be2 {[%emt 0:00:05]} 34. Kg2 {[%emt 0:00:02]} Bd3 {[%emt 0:00:03]} 35. Kg3 {[%emt 0:00:01]} h5 {[%emt 0:00:03]} 36. Nf3 {[%emt 0:00:02]} Kh6 {[%emt 0:00:06]} 37. Ng5 {[%emt 0:00:02]} Re8 {[%emt 0:00:06]} 38. Rd1 {[%emt 0:00:05]} Bc2 {[%emt 0:00:03]} 39. Rd2 {[%emt 0:00:09]} Bxb3 {[%emt 0:00:01]} 40. Bf6 {[%emt 0:00:01]} Bg8 {[%emt 0:00:03]} 41. Kf4 {[%emt 0:00:02]} Na7 {[%emt 0:00:03]} 42. Rd7 {[%emt 0:00:01]} Nb5 {[%emt 0:00:01]} 43. Bg7# 1-0

[Event "11th LCC Super Blitz 2019"]
[Site "London"]
[Date "2019.12.08"]
[Round "3.1"]
[White "Bukojemski, Adam"]
[Black "Jones, Gawain C B"]
[Result "0-1"]
[WhiteElo "2219"]
[BlackElo "2683"]
[Annotator "TA"]
[PlyCount "84"]
[EventDate "2019.12.08"]
[EventType "swiss"]
[EventCountry "ENG"]
[SourceTitle "playchess.com"]
[Source "ChessBase"]
[SourceQuality "1"]

{[%evp 9,84,42,37,15,19,22,22,12,70,11,38,0,22,0,0,0,0,-11,-11,-54,-32,-24,-27,-58,-45,-59,-38,-64,-69,-75,-65,-137,-134,-477,-172,-171,-184,-183,-173,-209,-226,-230,-261,-278,-245,-423,-416,-454,-386,-449,-442,-545,-529,-539,-488,-687,-648,-795,-783,-811,-711,-666,-158,-679,-710,-650,-627,-29978,-6291,-29994,-29995,-29995,-29996,-29996,-29997,-29997,-29998]} 1. e4 d6 2. d4 Nf6 3. Nc3 g6 4. h3 a6 5. Nf3 Bg7 6. a4 {B08: Pirc Defence: Classical System} Nc6 (6... O-O 7. Be3 Nc6 8. Bc4 e6 9. d5 exd5 10. exd5 Ne7 11. O-O b6 12. Re1 Bb7 13. Qd2 b5 14. axb5 axb5 15. Rxa8 Bxa8 16. Bxb5 Nexd5 17. Nxd5 Bxd5 {½-½ (40) Anand,V (2774)-Carlsen,M (2861) Cupar 2019}) 7. Be2 O-O 8. O-O {The position is equal.} b6 (8... e5 $11) 9. Bf4 (9. d5 $14 Ne5 10. Nxe5 dxe5 11. Bc4) 9... e6 10. Bg5 $146 ({Predecessor:} 10. Re1 Bb7 11. e5 dxe5 12. dxe5 Nd7 13. Bf1 h6 14. Qc1 Kh7 {½-½ (34) Diaz Camallonga,C (2447)-Valdes Romero,L (2398) Sabadell 2018}) 10... h6 11. Be3 Bb7 12. Qd2 Kh7 13. Rae1 Nb4 14. Bd3 (14. Bf4 {looks sharper.} c5 15. dxc5 dxc5 16. Bd6 Rg8 17. Bd1) 14... Nxd3 15. cxd3 Nd7 16. Nh2 f5 17. f4 Nf6 {[%cal Rf5e4]} 18. Qc2 c5 19. Nf3 Rc8 20. e5 ({White should play} 20. dxc5 $15 bxc5 21. e5 dxe5 22. Nxe5) 20... Nd5 $17 21. exd6 $2 {[%mdl 8192]} (21. dxc5 $17 Nxe3 22. Rxe3 Bxf3 23. Rexf3 dxe5 24. cxb6) 21... Nxc3 $2 (21... Nxe3 22. Rxe3 cxd4 23. Rxe6 dxc3) 22. bxc3 $19 {[#]} Bxf3 $1 23. Rxf3 cxd4 24. Bc1 Rxc3 25. Qb1 Qxd6 26. Bd2 Rfc8 27. Bxc3 $2 (27. Rf2 {was worth a try.}) 27... dxc3 ({Worse is} 27... Rxc3 28. Qa2 $11) 28. Qc2 b5 29. axb5 axb5 {[%cal Ba6b5,Bb5b4][%mdl 32]} 30. Rb1 b4 31. Kh2 e5 32. fxe5 (32. g3 $142 exf4 33. Rxf4) 32... Bxe5+ 33. Kh1 Rc7 34. Re3 Bd4 35. Re8 Qd7 $2 (35... Qf4 $19 {and Black stays clearly on top.} 36. Qa2 h5 37. Qg8+ Kh6) 36. Rbe1 $2 (36. Rb8 $17) 36... Qf7 37. Rb8 Re7 38. Rxe7 Qxe7 39. g4 Qe1+ {Black mates.} 40. Kg2 Qg1+ 41. Kf3 Qf1+ {[%mdl 64] [#] Double Attack} 42. Kg3 f4+ {Accuracy: White = 22%, Black = 59%.} 0-1

[Event "11th LCC Super Blitz 2019"]
[Site "London"]
[Date "2019.12.08"]
[Round "3.2"]
[White "Rowson, Jonathan"]
[Black "Stepanyan, Henrik"]
[Result "1/2-1/2"]
[WhiteElo "2561"]
[BlackElo "2193"]
[Annotator "ChessBase"]
[PlyCount "75"]
[EventDate "2019.12.08"]
[EventType "swiss"]
[EventCountry "ENG"]
[SourceTitle "playchess.com"]
[Source "ChessBase"]
[SourceQuality "1"]
[TimeControl "180+2"]

1. d4 {[%emt 0:00:00]} d5 {[%emt 0:00:00]} 2. Bf4 {[%emt 0:00:03]} Nf6 {[%emt 0:00:00]} 3. e3 {[%emt 0:00:01]} c5 {[%emt 0:00:04]} 4. c3 {[%emt 0:00:00]} Nc6 {[%emt 0:00:02]} 5. Nd2 Qb6 {[%emt 0:00:09]} 6. Qb3 {[%emt 0:00:06]} c4 {[%emt 0:00:01]} 7. Qc2 {[%emt 0:00:02]} g6 {[%emt 0:00:01]} 8. b3 {[%emt 0:00:08]} Bf5 {[%emt 0:00:05]} 9. Qb2 cxb3 {[%emt 0:00:15]} 10. axb3 {[%emt 0:00:02]} Bg7 {[%emt 0:00:00]} 11. Ngf3 {[%emt 0:00:02]} O-O {[%emt 0:00:07]} 12. Be2 {[%emt 0:00:05]} Rfc8 {[%emt 0:00:04]} 13. O-O {[%emt 0:00:03]} Ne4 {[%emt 0:00:02]} 14. Nxe4 {[%emt 0:00:23]} Bxe4 {[%emt 0:00:02]} 15. Bg3 {[%emt 0:00:06]} a6 {[%emt 0:00:20]} 16. Rfc1 {[%emt 0:00:02]} Qd8 {[%emt 0:00:15]} 17. b4 {[%emt 0:00:22]} Bxf3 {[%emt 0:00:11]} 18. Bxf3 {[%emt 0:00:01]} e5 {[%emt 0:00:01]} 19. b5 {[%emt 0:00:05]} axb5 {[%emt 0:00:07]} 20. Qxb5 {[%emt 0:00:01]} e4 {[%emt 0:00:12]} 21. Bg4 {[%emt 0:00:06]} f5 {[%emt 0:00:15]} 22. Bd1 Na5 {[%emt 0:00:01]} 23. h4 {[%emt 0:00:28]} b6 {[%emt 0:00:03]} 24. Bb3 {[%emt 0:00:16]} Nxb3 {[%emt 0:00:10]} 25. Qxb3 {[%emt 0:00:01]} Bf8 {[%emt 0:00:30]} 26. Rxa8 {[%emt 0:00:12]} Rxa8 {[%emt 0:00:01]} 27. Bc7 {[%emt 0:00:31]} Qd7 {[%emt 0:00:10]} 28. Qxb6 {[%emt 0:00:01]} Rc8 {[%emt 0:00:06]} 29. Be5 {[%emt 0:00:02]} Qc6 {[%emt 0:00:10]} 30. Qxc6 {[%emt 0:00:10]} Rxc6 {[%emt 0:00:00]} 31. Kf1 {[%emt 0:00:13]} Bb4 {[%emt 0:00:12]} 32. Rb1 {[%emt 0:00:05]} Bxc3 {[%emt 0:00:01]} 33. Rc1 {[%emt 0:00:01]} Kf7 {[%emt 0:00:07]} 34. f3 {[%emt 0:00:09]} Ke6 {[%emt 0:00:01]} 35. Ke2 {[%emt 0:00:03]} Kd7 {[%emt 0:00:01]} 36. fxe4 {[%emt 0:00:02]} fxe4 {[%emt 0:00:00]} 37. g4 {[%emt 0:00:01]} Ba5 {[%emt 0:00:05]} 38. Rxc6 {[%emt 0:00:06]} 1/2-1/2

[Event "11th LCC Super Blitz 2019"]
[Site "London"]
[Date "2019.12.08"]
[Round "3.2"]
[White "Balaji, Aaravamudhan"]
[Black "Aravindh, Chithambaram Vr"]
[Result "0-1"]
[WhiteElo "2120"]
[BlackElo "2560"]
[Annotator "ChessBase"]
[PlyCount "57"]
[EventDate "2019.12.08"]
[EventType "swiss"]
[EventCountry "ENG"]
[SourceTitle "playchess.com"]
[Source "ChessBase"]
[SourceQuality "1"]
[TimeControl "180+2"]

1. d4 {[%emt 0:00:00]} Nf6 {[%emt 0:00:00]} 2. c4 {[%emt 0:00:00]} e6 {[%emt 0:00:01]} 3. Nc3 {[%emt 0:00:01]} d5 {[%emt 0:00:01]} 4. Nf3 {[%emt 0:00:04]} a6 {[%emt 0:00:02]} 5. e3 {[%emt 0:00:08]} b6 {[%emt 0:00:07]} 6. Be2 {[%emt 0:00:04]} dxc4 {[%emt 0:00:01]} 7. Bxc4 {[%emt 0:00:01]} b5 {[%emt 0:00:02]} 8. Bd3 {[%emt 0:00:06]} Bb7 {[%emt 0:00:01]} 9. O-O {[%emt 0:00:03]} Nbd7 {[%emt 0:00:05]} 10. Qc2 {[%emt 0:00:12]} c5 {[%emt 0:00:03]} 11. b3 {[%emt 0:00:04]} Rc8 {[%emt 0:00:06]} 12. a3 {[%emt 0:00:57]} Bxf3 13. gxf3 {[%emt 0:00:02]} cxd4 {[%emt 0:00:28]} 14. exd4 {[%emt 0:00:01]} Nd5 {[%emt 0:00:02]} 15. Bd2 {[%emt 0:00:18]} Bd6 {[%emt 0:00:07]} 16. f4 {[%emt 0:01:01]} Bxf4 {[%emt 0:00:13]} 17. Bxf4 {[%emt 0:00:06]} Nxf4 {[%emt 0:00:12]} 18. Be4 {[%emt 0:00:06]} Rxc3 {[%emt 0:00:03]} 19. Qd2 {[%emt 0:00:04]} Qg5+ {[%emt 0:00:17]} 20. Kh1 {[%emt 0:00:01]} Rh3 {[%emt 0:00:02]} 21. Rac1 {[%emt 0:00:18]} O-O {[%emt 0:00:07]} 22. f3 {[%emt 0:00:02]} Nf6 {[%emt 0:00:18]} 23. Rg1 {[%emt 0:00:02]} Qh6 {[%emt 0:00:03]} 24. Bb7 {[%emt 0:00:04]} N6d5 {[%emt 0:00:07]} 25. Bxd5 {[%emt 0:00:01]} Nxd5 {[%emt 0:00:02]} 26. Qxh6 {[%emt 0:00:02]} Rxh6 {[%emt 0:00:01]} 27. Rc6 {[%emt 0:00:02]} Rh4 {[%emt 0:00:07]} 28. Rd1 {[%emt 0:00:02]} Ra8 {[%emt 0:00:04]} 29. Rdc1 {[%emt 0:00:04]} 0-1

[Event "11th LCC Super Blitz 2019"]
[Site "London"]
[Date "2019.12.08"]
[Round "3.2"]
[White "Rishi, Thariani"]
[Black "Pert, Nicholas"]
[Result "0-1"]
[WhiteElo "2008"]
[BlackElo "2560"]
[Annotator "ChessBase"]
[PlyCount "52"]
[EventDate "2019.12.08"]
[EventType "swiss"]
[EventCountry "ENG"]
[SourceTitle "playchess.com"]
[Source "ChessBase"]
[SourceQuality "1"]
[TimeControl "180+2"]

1. e4 {[%emt 0:00:02]} c5 {[%emt 0:00:00]} 2. c3 {[%emt 0:00:03]} Nf6 {[%emt 0:00:01]} 3. e5 {[%emt 0:00:01]} Nd5 {[%emt 0:00:01]} 4. d4 {[%emt 0:00:00]} cxd4 {[%emt 0:00:01]} 5. Nf3 {[%emt 0:00:01]} Nc6 {[%emt 0:00:01]} 6. cxd4 {[%emt 0:00:01]} d6 {[%emt 0:00:02]} 7. Bc4 {[%emt 0:00:05]} dxe5 {[%emt 0:00:03]} 8. dxe5 {[%emt 0:00:03]} Ndb4 {[%emt 0:00:02]} 9. Qb3 {[%emt 0:00:41]} e6 {[%emt 0:00:01]} 10. O-O {[%emt 0:00:04]} Bd7 {[%emt 0:00:02]} 11. Bb5 {[%emt 0:00:30]} a6 {[%emt 0:00:23]} 12. Bxc6 {[%emt 0:00:02]} Bxc6 {[%emt 0:00:01]} 13. a3 {[%emt 0:00:10]} Qd3 {[%emt 0:00:36]} 14. Qxd3 {[%emt 0:00:38]} Nxd3 {[%emt 0:00:01]} 15. Nd4 {[%emt 0:00:01]} Nxe5 {[%emt 0:00:09]} 16. Bf4 {[%emt 0:00:04]} Nd3 {[%emt 0:00:04]} 17. Be3 {[%emt 0:00:04]} Be7 {[%emt 0:00:15]} 18. b4 {[%emt 0:00:05]} O-O {[%emt 0:00:05]} 19. Rd1 {[%emt 0:00:04]} Ne5 {[%emt 0:00:10]} 20. Nd2 {[%emt 0:00:07]} Rac8 {[%emt 0:00:05]} 21. Rac1 {[%emt 0:00:03]} Bd5 {[%emt 0:00:03]} 22. N2b3 {[%emt 0:00:06]} Nc4 {[%emt 0:00:03]} 23. Ra1 {[%emt 0:00:25]} Nxe3 {[%emt 0:00:06]} 24. fxe3 {[%emt 0:00:01]} Rc3 {[%emt 0:00:00]} 25. Na5 {[%emt 0:00:02]} b6 {[%emt 0:00:03]} 26. Ne2 {[%emt 0:00:07]} Rxe3 {[%emt 0:00:06]} 0-1

[Event "11th LCC Super Blitz 2019"]
[Site "London"]
[Date "2019.12.08"]
[Round "3.3"]
[White "Grover, Sahaj"]
[Black "Roberson, Peter T"]
[Result "1-0"]
[WhiteElo "2486"]
[BlackElo "2282"]
[Annotator "ChessBase"]
[PlyCount "87"]
[EventDate "2019.12.08"]
[EventType "swiss"]
[EventCountry "ENG"]
[SourceTitle "playchess.com"]
[Source "ChessBase"]
[SourceQuality "1"]
[TimeControl "180+2"]

1. e4 {[%emt 0:00:00]} e6 {[%emt 0:00:00]} 2. d4 {[%emt 0:00:01]} d5 {[%emt 0:00:00]} 3. Nc3 {[%emt 0:00:01]} Nf6 {[%emt 0:00:01]} 4. e5 {[%emt 0:00:01]} Nfd7 {[%emt 0:00:01]} 5. f4 {[%emt 0:00:01]} c5 {[%emt 0:00:00]} 6. Nf3 {[%emt 0:00:01]} Nc6 {[%emt 0:00:00]} 7. Be3 {[%emt 0:00:03]} a6 {[%emt 0:00:01]} 8. Qd2 {[%emt 0:00:02]} Be7 {[%emt 0:00:01]} 9. Be2 {[%emt 0:00:07]} b5 {[%emt 0:00:01]} 10. dxc5 {[%emt 0:00:06]} Nxc5 {[%emt 0:00:03]} 11. Nd4 {[%emt 0:00:11]} Bb7 {[%emt 0:00:05]} 12. Nxc6 {[%emt 0:00:14]} Bxc6 {[%emt 0:00:01]} 13. Bd4 {[%emt 0:00:00]} b4 {[%emt 0:00:18]} 14. Nd1 {[%emt 0:00:03]} Ne4 {[%emt 0:00:01]} 15. Qe3 {[%emt 0:00:02]} f5 {[%emt 0:00:21]} 16. exf6 {[%emt 0:00:04]} Bxf6 {[%emt 0:00:04]} 17. Nf2 {[%emt 0:00:07]} O-O {[%emt 0:00:22]} 18. Bxf6 {[%emt 0:01:03]} Qxf6 {[%emt 0:00:02]} 19. Nd3 {[%emt 0:00:01]} Bb5 {[%emt 0:00:10]} 20. O-O {[%emt 0:00:04]} Rac8 {[%emt 0:00:23]} 21. Rac1 {[%emt 0:00:01]} Bxd3 {[%emt 0:00:19]} 22. cxd3 {[%emt 0:00:01]} Nd6 {[%emt 0:00:01]} 23. Bg4 {[%emt 0:00:34]} Nf5 {[%emt 0:00:08]} 24. Bxf5 {[%emt 0:00:29]} exf5 {[%emt 0:00:07]} 25. Rf2 {[%emt 0:00:05]} Rxc1+ {[%emt 0:00:16]} 26. Qxc1 {[%emt 0:00:01]} Qd4 {[%emt 0:00:03]} 27. Qc2 {[%emt 0:00:20]} Re8 {[%emt 0:00:02]} 28. Kf1 {[%emt 0:00:00]} Qe3 {[%emt 0:00:04]} 29. Qd2 {[%emt 0:00:05]} Qd4 {[%emt 0:00:11]} 30. Qc2 {[%emt 0:00:01]} h6 {[%emt 0:00:07]} 31. g3 {[%emt 0:00:01]} a5 {[%emt 0:00:27]} 32. Kg2 {[%emt 0:00:01]} Kh7 {[%emt 0:00:05]} 33. Qc6 {[%emt 0:00:01]} Re3 {[%emt 0:00:04]} 34. Qb5 {[%emt 0:00:11]} Rxd3 {[%emt 0:00:04]} 35. Qxa5 {[%emt 0:00:04]} Qe4+ {[%emt 0:00:01]} 36. Kh3 {[%emt 0:00:00]} Qe3 {[%emt 0:00:08]} 37. Qb5 {[%emt 0:00:02]} Rd4 {[%emt 0:00:06]} 38. Rc2 {[%emt 0:00:02]} Qe4 {[%emt 0:00:03]} 39. Qe2 {[%emt 0:00:01]} Qxe2 {[%emt 0:00:03]} 40. Rxe2 {[%emt 0:00:00]} Kg6 {[%emt 0:00:01]} 41. Kg2 {[%emt 0:00:00]} Re4 {[%emt 0:00:01]} 42. Rd2 {[%emt 0:00:01]} d4 {[%emt 0:00:01]} 43. Kf3 {[%emt 0:00:06]} Kf6 {[%emt 0:00:00]} 44. Re2 {[%emt 0:00:01]} 1-0

[Event "11th LCC Super Blitz 2019"]
[Site "London"]
[Date "2019.12.08"]
[Round "3.3"]
[White "Arkell, Keith C"]
[Black "Ratnesan, Ranesh"]
[Result "1/2-1/2"]
[WhiteElo "2453"]
[BlackElo "2213"]
[Annotator "ChessBase"]
[PlyCount "116"]
[EventDate "2019.12.08"]
[EventType "swiss"]
[EventCountry "ENG"]
[SourceTitle "playchess.com"]
[Source "ChessBase"]
[SourceQuality "1"]
[TimeControl "180+2"]

1. d4 {[%emt 0:00:00]} d5 {[%emt 0:00:00]} 2. Nf3 {[%emt 0:00:03]} Nf6 {[%emt 0:00:00]} 3. c4 {[%emt 0:00:01]} c6 {[%emt 0:00:02]} 4. Qc2 {[%emt 0:00:03]} dxc4 {[%emt 0:00:02]} 5. Qxc4 {[%emt 0:00:00]} Bf5 {[%emt 0:00:02]} 6. Nc3 {[%emt 0:00:02]} e6 {[%emt 0:00:01]} 7. g3 {[%emt 0:00:02]} Be7 {[%emt 0:00:02]} 8. Bg2 {[%emt 0:00:01]} Nbd7 {[%emt 0:00:03]} 9. O-O {[%emt 0:00:03]} O-O {[%emt 0:00:04]} 10. Bg5 {[%emt 0:00:01]} h6 {[%emt 0:00:03]} 11. Bxf6 {[%emt 0:00:02]} Nxf6 {[%emt 0:00:02]} 12. Qb3 {[%emt 0:00:02]} Qb6 {[%emt 0:00:02]} 13. e3 {[%emt 0:00:10]} Qxb3 {[%emt 0:00:19]} 14. axb3 {[%emt 0:00:01]} a6 {[%emt 0:00:01]} 15. Rfc1 {[%emt 0:00:04]} Rac8 {[%emt 0:00:08]} 16. Na4 {[%emt 0:00:01]} Be4 {[%emt 0:00:13]} 17. Ne5 {[%emt 0:00:03]} Rfd8 {[%emt 0:00:16]} 18. h4 {[%emt 0:00:20]} Bb4 {[%emt 0:00:09]} 19. Bxe4 {[%emt 0:00:16]} Nxe4 {[%emt 0:00:01]} 20. Nd3 {[%emt 0:00:02]} Be7 {[%emt 0:00:04]} 21. b4 {[%emt 0:00:07]} g5 {[%emt 0:00:06]} 22. hxg5 {[%emt 0:00:01]} hxg5 {[%emt 0:00:01]} 23. Nac5 {[%emt 0:00:01]} Nd6 {[%emt 0:00:05]} 24. Ne5 {[%emt 0:00:04]} Kg7 {[%emt 0:00:05]} 25. Kg2 {[%emt 0:00:02]} Rh8 {[%emt 0:00:04]} 26. b3 {[%emt 0:00:03]} Rh7 {[%emt 0:00:14]} 27. Nc4 {[%emt 0:00:02]} Rc7 {[%emt 0:00:12]} 28. g4 {[%emt 0:00:14]} Nb5 {[%emt 0:00:06]} 29. Ne5 {[%emt 0:00:08]} Bxc5 {[%emt 0:00:08]} 30. bxc5 {[%emt 0:00:02]} f6 {[%emt 0:00:04]} 31. Nc4 {[%emt 0:00:03]} Kg6 {[%emt 0:00:02]} 32. Rh1 {[%emt 0:00:02]} Rxh1 {[%emt 0:00:09]} 33. Rxh1 {[%emt 0:00:01]} Kg7 {[%emt 0:00:01]} 34. Kf3 {[%emt 0:00:02]} Nc3 {[%emt 0:00:02]} 35. Rc1 {[%emt 0:00:03]} Nd5 {[%emt 0:00:02]} 36. Nd6 {[%emt 0:00:02]} Rd7 {[%emt 0:00:05]} 37. Rh1 {[%emt 0:00:07]} b5 {[%emt 0:00:09]} 38. Ra1 {[%emt 0:00:14]} Ra7 {[%emt 0:00:02]} 39. Nc8 {[%emt 0:00:06]} Ra8 {[%emt 0:00:01]} 40. Nb6 {[%emt 0:00:01]} Ra7 {[%emt 0:00:02]} 41. e4 {[%emt 0:00:06]} Nb4 {[%emt 0:00:05]} 42. Ra5 {[%emt 0:00:11]} Nc2 {[%emt 0:00:07]} 43. d5 {[%emt 0:00:02]} exd5 {[%emt 0:00:06]} 44. exd5 {[%emt 0:00:01]} cxd5 {[%emt 0:00:05]} 45. Nxd5 {[%emt 0:00:01]} Nd4+ {[%emt 0:00:01]} 46. Ke4 {[%emt 0:00:01]} Nxb3 {[%emt 0:00:01]} 47. Ra2 {[%emt 0:00:10]} Nxc5+ {[%emt 0:00:03]} 48. Kd4 {[%emt 0:00:01]} Ne6+ {[%emt 0:00:02]} 49. Ke4 {[%emt 0:00:00]} Nc5+ {[%emt 0:00:02]} 50. Kd4 {[%emt 0:00:12]} Nb7 {[%emt 0:00:16]} 51. Nc7 {[%emt 0:00:04]} Nd6 {[%emt 0:00:03]} 52. Nxa6 {[%emt 0:00:07]} Kg6 {[%emt 0:00:08]} 53. f3 {[%emt 0:00:03]} f5 {[%emt 0:00:07]} 54. Kc5 {[%emt 0:00:00]} Nf7 {[%emt 0:00:04]} 55. Kb6 {[%emt 0:00:01]} Re7 {[%emt 0:00:02]} 56. Nc5 {[%emt 0:00:12]} fxg4 {[%emt 0:00:02]} 57. fxg4 {[%emt 0:00:01]} Ne5 {[%emt 0:00:02]} 58. Rg2 {[%emt 0:00:08]} Nd7+ {[%emt 0:00:02]} 1/2-1/2

[Event "11th LCC Super Blitz 2019"]
[Site "London"]
[Date "2019.12.08"]
[Round "3.4"]
[White "Wallace, John Paul"]
[Black "Royal, Shreyas"]
[Result "0-1"]
[WhiteElo "2344"]
[BlackElo "1941"]
[Annotator "NA"]
[PlyCount "61"]
[EventDate "2019.12.08"]
[EventType "swiss"]
[EventCountry "ENG"]
[SourceTitle "playchess.com"]
[Source "ChessBase"]
[SourceQuality "1"]
[TimeControl "180+2"]

1. d4 {[%emt 0:00:00]} d5 {[%emt 0:00:00]} 2. c4 {[%emt 0:00:00]} e6 {[%emt 0:00:00]} 3. Nc3 {[%emt 0:00:00]} Be7 {[%emt 0:00:01]} 4. cxd5 {[%emt 0:00:02]} exd5 {[%emt 0:00:01]} 5. Bf4 {[%emt 0:00:01]} c6 {[%emt 0:00:05]} 6. e3 {[%emt 0:00:00]} Bf5 {[%emt 0:00:01]} 7. Nge2 {[%emt 0:00:06]} Nf6 {[%emt 0:00:03]} 8. Ng3 {[%emt 0:00:01]} Bg6 {[%emt 0:00:02]} 9. Bd3 {[%emt 0:00:04]} Bxd3 {[%emt 0:00:05]} 10. Qxd3 {[%emt 0:00:02]} Nbd7 {[%emt 0:00:01]} 11. O-O {[%emt 0:00:11]} O-O {[%emt 0:00:02]} 12. f3 {[%emt 0:00:05]} Re8 {[%emt 0:00:03]} 13. Rad1 {[%emt 0:00:04]} b5 {[%emt 0:00:30]} 14. e4 {[%emt 0:00:04]} b4 {[%emt 0:00:03]} 15. Nce2 {[%emt 0:00:03]} dxe4 {[%emt 0:00:01]} 16. fxe4 {[%emt 0:00:01]} c5 {[%emt 0:00:07]} 17. Nf5 {[%emt 0:01:24]} Bf8 {[%emt 0:00:13]} 18. Qg3 {[%emt 0:00:03]} Kh8 {[%emt 0:00:24]} 19. e5 {[%emt 0:00:12]} Nh5 {[%emt 0:00:14]} 20. Qh3 {[%emt 0:00:18]} Nxf4 {[%emt 0:00:07]} 21. Rxf4 {[%emt 0:00:13]} Nxe5 {[%emt 0:00:23]} 22. d5 {[%emt 0:00:25]} Ng6 {[%emt 0:00:04]} 23. Rf2 {[%emt 0:00:03]} c4 {[%emt 0:00:07]} 24. Kf1 {[%emt 0:00:06]} Bc5 {[%emt 0:00:01]} 25. Rf3 {[%emt 0:00:02]} Qg5 {[%emt 0:00:24]} 26. d6 {[%emt 0:00:05]} Rxe2 {[%emt 0:00:09]} 27. Kxe2 {[%emt 0:00:05]} Nf4+ {[%emt 0:00:00]} 28. Rxf4 {[%emt 0:00:03]} Qxf4 {[%emt 0:00:01]} 29. Qf3 {[%emt 0:00:10]} Re8+ {[%emt 0:00:13]} 30. Kf1 {[%emt 0:00:02]} Qxh2 {[%emt 0:00:02]} 31. Ne7 {[%emt 0:00:07]} 0-1

[Event "11th LCC Super Blitz 2019"]
[Site "London"]
[Date "2019.12.08"]
[Round "3.4"]
[White "Joslin, Tim"]
[Black "Mortazavi, Ali"]
[Result "0-1"]
[WhiteElo "1822"]
[BlackElo "2333"]
[Annotator "NA"]
[PlyCount "50"]
[EventDate "2019.12.08"]
[EventType "swiss"]
[EventCountry "ENG"]
[SourceTitle "playchess.com"]
[Source "ChessBase"]
[SourceQuality "1"]
[TimeControl "180+2"]

1. e4 {[%emt 0:00:00]} c6 {[%emt 0:00:00]} 2. d4 {[%emt 0:00:02]} d5 {[%emt 0:00:00]} 3. exd5 cxd5 {[%emt 0:00:00]} 4. c4 {[%emt 0:00:02]} Nf6 {[%emt 0:00:01]} 5. Nc3 {[%emt 0:00:02]} g6 {[%emt 0:00:00]} 6. Be3 {[%emt 0:00:08]} Bg7 {[%emt 0:00:01]} 7. Qd2 {[%emt 0:00:02]} O-O {[%emt 0:00:01]} 8. Nf3 {[%emt 0:00:03]} Nc6 {[%emt 0:00:02]} 9. Bh6 {[%emt 0:00:09]} Ne4 {[%emt 0:00:11]} 10. Nxe4 {[%emt 0:00:16]} dxe4 {[%emt 0:00:01]} 11. Bxg7 {[%emt 0:00:02]} Kxg7 {[%emt 0:00:01]} 12. d5 {[%emt 0:00:22]} exf3 {[%emt 0:00:03]} 13. dxc6 {[%emt 0:00:02]} Qxd2+ {[%emt 0:00:07]} 14. Kxd2 {[%emt 0:00:01]} Rd8+ {[%emt 0:00:16]} 15. Kc2 {[%emt 0:00:07]} Bf5+ {[%emt 0:00:01]} 16. Kc3 {[%emt 0:00:03]} fxg2 {[%emt 0:00:06]} 17. Bxg2 {[%emt 0:00:02]} Rd3+ {[%emt 0:00:02]} 18. Kb4 {[%emt 0:00:08]} bxc6 {[%emt 0:00:04]} 19. Bxc6 {[%emt 0:00:13]} Rb8+ {[%emt 0:00:07]} 20. Ka4 {[%emt 0:00:02]} Rd6 {[%emt 0:00:06]} 21. Bb5 {[%emt 0:00:25]} a6 {[%emt 0:00:00]} 22. Rhe1 {[%emt 0:00:07]} Kf6 {[%emt 0:00:31]} 23. a3 {[%emt 0:00:37]} Bd3 {[%emt 0:00:14]} 24. b4 {[%emt 0:00:13]} axb5+ {[%emt 0:00:08]} 25. cxb5 {[%emt 0:00:02]} Bc2+ {[%emt 0:00:02]} 0-1